[Event "SRI-ch (Women)"]
[Site "Colombo"]
[Date "2024.03.25"]
[Round "6"]
[White "Fernando, GW Nethmi L"]
[Black "Fernando, H Methushi Amaya"]
[Result "1-0"]
[WhiteElo "1758"]
[BlackElo "1642"]
[PlyCount "69"]
[EventDate "2024.03.22"]
[EventType "tourn"]
[EventRounds "13"]
[EventCountry "SRI"]
[SourceTitle "CB15_2024"]
[SourceDate "2024.04.10"]
[SourceVersion "1"]
[SourceVersionDate "2024.04.10"]
[SourceQuality "1"]

1. d4 Nf6 2. c4 g6 3. Nc3 c5 4. d5 d6 5. e4 Bg7 6. h3 0-0 7. Nf3 a6 8. a4 e6 9. Bd3 exd5 10. cxd5 Re8 11. 0-0 c4 12. Bxc4 Nxe4 13. Nxe4 Rxe4 14. Bg5 f6 15. Bd3 Re8 16. Bf4 Bf8 17. Qc2 Nd7 18. Bxg6 hxg6 19. Qxg6+ Kh8 20. Nh4 Ne5 21. Bxe5 fxe5 22. Qf7 Bg7 23. Ra3 Qd7 24. Qh5+ Kg8 25. Nf5 Re7 26. Nxe7+ Qxe7 27. Rc1 e4 28. Rg3 b5 29. Rcc3 Bd7 30. Rxg7+ Qxg7 31. Rg3 Qxg3 32. fxg3 Re8 33. Qg6+ Kh8 34. Qxd6 Bf5 35. Qf6+ 1-0

[Event "SRI-ch U14 Girls"]
[Site "Maharaga"]
[Date "2020.08.30"]
[Round "5"]
[White "Fernando, H Methushi Amaya"]
[Black "Fernando, Nethmi Vimansa"]
[Result "1-0"]
[WhiteElo "1159"]
[BlackElo "1045"]
[PlyCount "73"]
[EventDate "2020.08.29"]
[EventType "tourn"]
[EventRounds "11"]
[EventCountry "SRI"]
[SourceTitle "EXT 2022"]
[Source "ChessBase"]
[SourceDate "2021.10.06"]
[SourceVersion "1"]
[SourceVersionDate "2021.10.06"]
[SourceQuality "1"]

1. d4 Nf6 2. Nf3 e6 3. c4 Bb4+ 4. Bd2 Bxd2+ 5. Nbxd2 d5 6. g3 Nbd7 7. Bg2 0-0 8. 0-0 b6 9. Rc1 Bb7 10. Qc2 Re8 11. Rfe1 Rc8 12. c5 Bc6 13. b4 b5 14. Nb3 Ne4 15. Na5 Ba8 16. Nd2 Nxd2 17. Qxd2 e5 18. c6 Nf6 19. dxe5 Rxe5 20. Qd4 Qe7 21. e3 Rd8 22. a3 Ne4 23. Qxa7 Qf6 24. Bxe4 Rxe4 25. Qxc7 Rde8 26. Qb6 d4 27. Qxb5 dxe3 28. Rxe3 Rxe3 29. fxe3 h6 30. Qc4 Rxe3 31. Rf1 Qb2 32. Rxf7 Kh7 33. Rf2 Qa1+ 34. Kg2 Re1 35. Qd3+ Re4 36. Qxe4+ Kh8 37. Rf8# 1-0

[Event "SRI-ch U14 Girls"]
[Site "Maharaga"]
[Date "2020.08.30"]
[Round "11"]
[White "Fernando, H Methushi Amaya"]
[Black "Sanudula, KM Dahamdi"]
[Result "0-1"]
[WhiteElo "1159"]
[BlackElo "1457"]
[PlyCount "84"]
[EventDate "2020.08.29"]
[EventType "tourn"]
[EventRounds "11"]
[EventCountry "SRI"]
[SourceTitle "EXT 2022"]
[Source "ChessBase"]
[SourceDate "2021.10.06"]
[SourceVersion "1"]
[SourceVersionDate "2021.10.06"]
[SourceQuality "1"]

1. d4 d5 2. c4 e6 3. Nf3 Nf6 4. g3 Be7 5. Bg2 0-0 6. 0-0 b6 7. Nbd2 Bb7 8. Qc2 Nbd7 9. b3 c5 10. Bb2 Rc8 11. Qd1 Ne4 12. Rc1 f5 13. cxd5 exd5 14. dxc5 bxc5 15. Ne5 Nxe5 16. Bxe5 Bf6 17. Bxf6 Qxf6 18. Qc2 Rfe8 19. Rfd1 Qe6 20. Nxe4 fxe4 21. e3 Rf8 22. Qb2 Qf5 23. Rd2 Rf6 24. Bf1 Qe6 25. Rdc2 Qb6 26. Bh3 Rc7 27. Qe5 h6 28. Qe8+ Kh7 29. Qe5 Rcf7 30. Qb2 d4 31. Rd2 d3 32. Qe5 Qb4 33. Qc3 Qxc3 34. Rxc3 Rc7 35. b4 c4 36. Bg2 Bd5 37. Kf1 Rb6 38. Rb2 Rcb7 39. Rxc4 Bxc4 40. Bxe4+ g6 41. Bxb7 d2+ 42. Kg2 d1Q 0-1

[Event "SRI-ch U14 Girls"]
[Site "Maharaga"]
[Date "2020.08.30"]
[Round "4"]
[White "Fernando, T Suheli Hasandie"]
[Black "Fernando, H Methushi Amaya"]
[Result "1/2-1/2"]
[WhiteElo "1133"]
[BlackElo "1159"]
[PlyCount "77"]
[EventDate "2020.08.29"]
[EventType "tourn"]
[EventRounds "11"]
[EventCountry "SRI"]
[SourceTitle "EXT 2022"]
[Source "ChessBase"]
[SourceDate "2021.10.06"]
[SourceVersion "1"]
[SourceVersionDate "2021.10.06"]
[SourceQuality "1"]

1. e4 c5 2. c3 d5 3. exd5 Qxd5 4. d4 cxd4 5. cxd4 Nc6 6. Nf3 Nf6 7. Be2 g6 8. 0-0 Bg7 9. Nc3 Qd8 10. h3 0-0 11. Be3 e6 12. Rc1 a6 13. a3 Bd7 14. b4 b5 15. Qd2 Rc8 16. Rfd1 Ne7 17. Ne5 Bc6 18. Nxc6 Nxc6 19. Bf3 Qd7 20. Ne2 Ne7 21. Nf4 Nfd5 22. Nxd5 Nxd5 23. Rc5 Nxe3 24. fxe3 Rfd8 25. Rxc8 Rxc8 26. Rc1 Rc7 27. Kf2 Qc8 28. Rxc7 Qxc7 29. Ke2 Qc4+ 30. Qd3 Qc7 31. Qe4 Qc4+ 32. Qd3 Qc8 33. Qe4 Qc4+ 34. Qd3 Qc8 35. Qe4 Qc4+ 36. Qd3 Qc8 37. Qe4 Qc4+ 38. Qd3 Qa2+ 39. Kf1 1/2-1/2